[Event "II Open Praiascacchi"]
[Site "Praia a Mare ITA"]
[Date "2010.04.01"]
[Round "3"]
[White "Rametta, Marcello"]
[Black "Minucci, Veronica"]
[Result "1-0"]
[WhiteElo "1785"]
[BlackElo "1374"]
[PlyCount "49"]
[EventDate "2010.03.31"]

1. e4 e5 2. Bc4 Nf6 3. d3 Be7 4. Nf3 d6 5. h3 O-O 6. Bg5 Nbd7 7. Nbd2 a6 8. c3
b5 9. Bb3 c5 10. Bc2 a5 11. Qe2 b4 12. d4 bxc3 13. bxc3 cxd4 14. cxd4 exd4 15.
Nxd4 Nxe4 16. Nc6 Nc3 17. Nxe7+ Qxe7 18. Qxe7 Bb7 19. O-O Nb6 20. Qxb7 Rab8 21.
Qf3 Ncd5 22. Qd3 g6 23. Qd4 f6 24. Bh6 Rf7 25. Bb3 1-0

[Event "II Open Praiascacchi"]
[Site "Praia a Mare ITA"]
[Date "2010.04.01"]
[Round "3"]
[White "Tricomi, Massimo"]
[Black "Violi, Vincenzo"]
[Result "1-0"]
[WhiteElo "1918"]
[BlackElo "1599"]
[PlyCount "25"]
[EventDate "2010.03.31"]

1. Nf3 Nf6 2. c4 e6 3. Nc3 b6 4. g3 Bb7 5. Bg2 c5 6. O-O Be7 7. Re1 O-O 8. e4
d6 9. d4 cxd4 10. Nxd4 Nc6 11. e5 Nxd4 12. Bxb7 Rb8 13. exf6 1-0

[Event "II Open Praiascacchi"]
[Site "Praia a Mare ITA"]
[Date "2010.04.01"]
[Round "3"]
[White "Vacchiano, Salvatore"]
[Black "Simone, Leo"]
[Result "0-1"]
[WhiteElo "1551"]
[BlackElo "1921"]
[PlyCount "42"]
[EventDate "2010.03.31"]

1. d4 d5 2. e4 dxe4 3. Nc3 Nf6 4. f3 exf3 5. Nxf3 Bg4 6. Bc4 e6 7. O-O c6 8.
Qd3 Bd6 9. Bg5 Qc7 10. h3 Bf5 11. Qe2 Nbd7 12. g4 Bg6 13. Bd3 O-O-O 14. Ne4
Bxe4 15. Bxe4 h5 16. Bxf6 gxf6 17. c4 hxg4 18. c5 gxf3 19. cxd6 fxe2 20. dxc7
exf1=Q+ 21. Kxf1 Kxc7 0-1

[Event "II Open Praiascacchi"]
[Site "Praia a Mare ITA"]
[Date "2010.04.01"]
[Round "3"]
[White "Valguarnera, Girolamo"]
[Black "Guglielmi, Dante"]
[Result "1-0"]
[WhiteElo "2121"]
[BlackElo "1904"]
[PlyCount "63"]
[EventDate "2010.03.31"]

1. e4 c5 2. Nf3 d6 3. d4 cxd4 4. Nxd4 Nf6 5. Nc3 a6 6. Be3 e6 7. f4 Nc6 8. Qf3
Qc7 9. O-O-O Be7 10. f5 Ne5 11. Qg3 Bd7 12. fxe6 fxe6 13. Be2 b5 14. Rhf1 b4
15. Qxg7 Rg8 16. Qh6 bxc3 17. Rxf6 Bxf6 18. Qxf6 cxb2+ 19. Kb1 Qd8 20. Qh6 Qe7
21. Bh5+ Kd8 22. h4 Kc7 23. Bg5 Rxg5 24. hxg5 Rb8 25. Qf6 Nc4 26. Rd3 Qxf6 27.
gxf6 Ne5 28. Rc3+ Kd8 29. Rg3 Rb4 30. c3 Rb6 31. f7 Nc4 32. Nb3 1-0

[Event "II Open Praiascacchi"]
[Site "Praia a Mare ITA"]
[Date "2010.04.02"]
[Round "4"]
[White "Alagia, Pietro"]
[Black "Condorelli, Roberto"]
[Result "1/2-1/2"]
[WhiteElo "1688"]
[BlackElo "1605"]
[PlyCount "136"]
[EventDate "2010.03.31"]

1. d4 Nf6 2. Nf3 e6 3. g3 b6 4. Bg2 Bb7 5. O-O d5 6. Nbd2 Be7 7. c4 c5 8. dxc5
Bxc5 9. Ne5 Qc7 10. Ndf3 Nbd7 11. Bf4 Bd6 12. Qa4 O-O 13. Nxd7 Nxd7 14. Bxd6
Qxd6 15. cxd5 Nc5 16. Qh4 Bxd5 17. Rfd1 Qc6 18. Rac1 Qb5 19. Rd2 h6 20. Nd4 Qb4
21. Rcd1 Bxg2 22. Kxg2 e5 23. Nf5 Qxh4 24. Nxh4 a5 25. Nf5 f6 26. Ne7+ Kf7 27.
Nd5 Rab8 28. Nc7 Rb7 29. Nb5 Ke7 30. Nd6 Rbb8 31. Nf5+ Kf7 32. Nd6+ Ke7 33. a3
Ke6 34. Nc4 Ke7 35. Rd6 Rfd8 36. Rxd8 Rxd8 37. Rxd8 Kxd8 38. Nxb6 Nb3 39. g4
Kc7 40. Nd5+ Kd6 41. Ne3 g6 42. f3 a4 43. h4 Kc5 44. h5 gxh5 45. gxh5 Nd4 46.
Ng4 Nf5 47. e4 Ng7 48. Nxf6 Kc4 49. Nd7 Kb3 50. Nxe5 Kxb2 51. f4 Kxa3 52. Nd3
Nxh5 53. f5 Ng7 54. f6 Ne6 55. f7 Kb3 56. Nc5+ Nxc5 57. f8=Q Nxe4 58. Qf4 Nc3
59. Qxh6 a3 60. Qb6+ Kc2 61. Kf3 a2 62. Qa5 Kb2 63. Qb4+ Kc2 64. Qa3 Kb1 65.
Qb3+ Ka1 66. Qxc3+ Kb1 67. Qb3+ Ka1 68. Qc3+ Kb1 1/2-1/2

[Event "II Open Praiascacchi"]
[Site "Praia a Mare ITA"]
[Date "2010.04.02"]
[Round "4"]
[White "Annuzzi, Giovanni"]
[Black "Tricomi, Massimo"]
[Result "0-1"]
[WhiteElo "1500"]
[BlackElo "1918"]
[PlyCount "114"]
[EventDate "2010.03.31"]

1. b3 d6 2. Bb2 e5 3. e4 g6 4. Nf3 Bg7 5. c4 Nf6 6. d3 c5 7. Be2 Nc6 8. O-O Bg4
9. Bc1 Bxf3 10. Bxf3 O-O 11. Bg5 h6 12. Be3 Nh7 13. Na3 a6 14. Nc2 b5 15. Rb1
b4 16. Qc1 h5 17. Kh1 a5 18. a4 Rc8 19. Rg1 Nf6 20. Bg5 Qe8 21. Bxf6 Bxf6 22.
g4 h4 23. g5 Bg7 24. Qd2 f6 25. Bg4 Rc7 26. gxf6 Rxf6 27. Rbf1 Rcf7 28. h3 Qf8
29. Rg2 Bh6 30. Qe2 Bf4 31. Bf5 Ne7 32. Bg4 Bg3 33. f3 Nc6 34. Qd1 Kg7 35. Ne3
Ne7 36. Nd5 Nxd5 37. cxd5 Rf4 38. Qe2 Qe7 39. Be6 R7f6 40. Bg4 Rf7 41. Be6 R7f6
42. Bg4 Qd8 43. Qc2 Qf8 44. Qd1 Qe7 45. Rc2 Qf7 46. Kg2 Qa7 47. Rc1 Rf7 48. Qc2
Rc7 49. Qc4 Rff7 50. Be6 Rfe7 51. Rg1 Qb8 52. Kf1 Qf8 53. Ke2 Qf4 54. Qb5 Bh2
55. Rh1 Qg3 56. Rcf1 Qg2+ 57. Kd1 Bf4 0-1

[Event "II Open Praiascacchi"]
[Site "Praia a Mare ITA"]
[Date "2010.04.02"]
[Round "4"]
[White "Carlomagno, Vincenzo"]
[Black "Cardinale, Francesco"]
[Result "1-0"]
[WhiteElo "1863"]
[BlackElo "1600"]
[PlyCount "47"]
[EventDate "2010.03.31"]

1. e4 c6 2. c4 d5 3. exd5 cxd5 4. d4 dxc4 5. Bxc4 Qc7 6. Bd3 e6 7. Nf3 Nd7 8.
Nc3 a6 9. Be3 Bb4 10. Rc1 Ngf6 11. O-O Bxc3 12. Rxc3 Qd6 13. Qe2 Nd5 14. Rcc1
Nxe3 15. fxe3 Nf6 16. e4 Qb6 17. e5 Nd5 18. Qf2 h6 19. Rc5 Bd7 20. Nh4 O-O 21.
Bb1 Bb5 22. Qc2 Rfe8 23. Qh7+ Kf8 24. Ng6# 1-0

[Event "II Open Praiascacchi"]
[Site "Praia a Mare ITA"]
[Date "2010.04.02"]
[Round "4"]
[White "Cordi', Domenico"]
[Black "Valguarnera, Girolamo"]
[Result "0-1"]
[WhiteElo "2055"]
[BlackElo "2121"]
[PlyCount "88"]
[EventDate "2010.03.31"]

1. d4 Nf6 2. c4 c5 3. d5 e6 4. Nc3 exd5 5. cxd5 d6 6. e4 g6 7. Be2 Bg7 8. Nf3
O-O 9. O-O Re8 10. Nd2 Na6 11. Kh1 Nc7 12. a4 b6 13. Re1 Nd7 14. Ra3 Rb8 15.
Nb5 Nxb5 16. axb5 Rb7 17. Qc2 Ne5 18. Rf1 Rbe7 19. Nb1 h6 20. Rg3 Nd7 21. f3
Nf6 22. Bd3 Nh5 23. Bd2 Nxg3+ 24. hxg3 Re5 25. Bc3 Rh5+ 26. Kg1 Bxc3 27. Nxc3
Qf6 28. Qf2 Rhe5 29. Ra1 R5e7 30. Nb1 Rc7 31. Na3 Bd7 32. Rc1 Rec8 33. Rc4 Qe7
34. g4 a6 35. bxa6 b5 36. Rc1 c4 37. Bf1 Ra8 38. Qb6 Rca7 39. Nxb5 Rxa6 40. Qb7
Qg5 41. Rc3 Bxb5 42. Qxb5 Ra1 43. Qb7 Qd2 44. Kh2 Qf2 0-1

[Event "II Open Praiascacchi"]
[Site "Praia a Mare ITA"]
[Date "2010.04.02"]
[Round "4"]
[White "Cottone, Salvatore"]
[Black "Di Salvio, Giuseppe"]
[Result "1-0"]
[WhiteElo "1963"]
[BlackElo "1599"]
[PlyCount "87"]
[EventDate "2010.03.31"]

1. d4 d5 2. Nf3 Nf6 3. Bg5 Nbd7 4. Nbd2 e6 5. e3 Be7 6. Bd3 h6 7. Bh4 O-O 8.
O-O c6 9. c3 Ne8 10. Bxe7 Qxe7 11. e4 dxe4 12. Nxe4 Nef6 13. Re1 Nxe4 14. Bxe4
Nf6 15. Bc2 Qc7 16. Ne5 Bd7 17. Qd3 Rfd8 18. b4 Be8 19. Re3 Qe7 20. Ng4 Kf8 21.
Nxf6 Qxf6 22. Qe4 Qg6 23. Qxg6 fxg6 24. Rxe6 Bf7 25. Re3 Re8 26. a4 Re7 27.
Rxe7 Kxe7 28. Re1+ Kd6 29. a5 Re8 30. Re3 g5 31. Kf1 Bc4+ 32. Ke1 Rxe3+ 33.
fxe3 b5 34. axb6 axb6 35. e4 h5 36. Kf2 Ke6 37. Ke3 h4 38. Bd1 Kf6 39. Bg4 Ke7
40. g3 hxg3 41. hxg3 g6 42. Bd1 Kf6 43. Bc2 g4 44. Kf4 1-0

[Event "II Open Praiascacchi"]
[Site "Praia a Mare ITA"]
[Date "2010.04.02"]
[Round "4"]
[White "Dagnino, Marcello"]
[Black "Di Tomaso, Stefano"]
[Result "1-0"]
[WhiteElo "1555"]
[BlackElo "1389"]
[PlyCount "81"]
[EventDate "2010.03.31"]

1. e4 d6 2. b3 Nf6 3. Nc3 e5 4. Nf3 g6 5. Be2 Bg7 6. d3 O-O 7. h3 Nc6 8. Bd2 a6
9. Qc1 Be6 10. Bh6 Kh8 11. Qd2 Ng8 12. Bxg7+ Kxg7 13. d4 exd4 14. Nxd4 Nxd4 15.
Qxd4+ Qf6 16. Qxf6+ Nxf6 17. O-O b5 18. Bf3 b4 19. e5 Nd5 20. Nxd5 Bxd5 21.
Bxd5 Rad8 22. exd6 Rxd6 23. Bc4 Re8 24. Rad1 Rf6 25. Rd7 c5 26. Ra7 Rd8 27.
Rxa6 Rxa6 28. Bxa6 Ra8 29. Bd3 Rxa2 30. f3 f5 31. Kf2 Ra7 32. Re1 h5 33. Re5
Rc7 34. Kg3 Kf6 35. Rd5 Kg5 36. h4+ Kh6 37. Rd6 Rf7 38. Kf2 f4 39. Rxg6+ Kh7
40. Rc6+ Kg7 41. Rxc5 1-0

[Event "II Open Praiascacchi"]
[Site "Praia a Mare ITA"]
[Date "2010.04.02"]
[Round "4"]
[White "Forlano, Luigi"]
[Black "Palazzotto, Roberto"]
[Result "1-0"]
[WhiteElo "2011"]
[BlackElo "1965"]
[PlyCount "119"]
[EventDate "2010.03.31"]

1. e4 c5 2. Nc3 Nc6 3. f4 d6 4. Nf3 e6 5. Bb5 Nge7 6. O-O g6 7. d4 Bd7 8. d5
exd5 9. exd5 Nb4 10. Re1 Bg7 11. f5 O-O 12. fxg6 hxg6 13. Bg5 Re8 14. Bc4 Bg4
15. a3 Na6 16. h3 Bxf3 17. Qxf3 Nc7 18. Ne4 b5 19. Ba2 c4 20. Rad1 Qd7 21. Nf6+
Bxf6 22. Bxf6 Nf5 23. Rxe8+ Rxe8 24. g4 Ne7 25. b3 Nexd5 26. Rxd5 Nxd5 27. Qxd5
Qe6 28. Qxe6 Rxe6 29. Bc3 Re2 30. Bb1 Re3 31. Bb4 cxb3 32. cxb3 Rxb3 33. Be4
Rxh3 34. Kg2 Re3 35. Bc6 Re5 36. Kf3 Kh7 37. Be4 d5 38. Bd3 a6 39. Bc3 Re8 40.
Bd4 Kg8 41. Kf4 Re6 42. g5 Kf8 43. Be5 Ke7 44. Bf1 Kd7 45. Bh3 Kc6 46. Bxe6
fxe6 47. Ke3 Kc5 48. Kd3 b4 49. axb4+ Kxb4 50. Kd4 a5 51. Bd6+ Kb3 52. Ke5 a4
53. Bc5 a3 54. Bd4 a2 55. Kxe6 Kc4 56. Ke5 Kd3 57. Kxd5 Ke2 58. Ke4 Kd2 59. Ke5
Kd3 60. Ba1 1-0

[Event "II Open Praiascacchi"]
[Site "Praia a Mare ITA"]
[Date "2010.04.02"]
[Round "4"]
[White "Gad, Alessandro"]
[Black "Familari, Giuseppe"]
[Result "0-1"]
[WhiteElo "1605"]
[BlackElo "1891"]
[PlyCount "50"]
[EventDate "2010.03.31"]

1. c4 Nf6 2. Nc3 e6 3. g3 d5 4. Bg2 Be7 5. Nf3 a6 6. cxd5 exd5 7. d4 O-O 8. O-O
Re8 9. Bf4 Bd6 10. e3 c6 11. Qb3 b5 12. Rfc1 Bf5 13. Ne5 Ra7 14. f3 Nh5 15. e4
Nxf4 16. gxf4 Bxe5 17. dxe5 d4 18. exf5 dxc3 19. Rxc3 Qd4+ 20. Kh1 Qxf4 21. f6
Rxe5 22. Rd3 Qxf6 23. Rad1 Re8 24. Rd6 Qe5 25. Qd3 Rae7 0-1

[Event "II Open Praiascacchi"]
[Site "Praia a Mare ITA"]
[Date "2010.04.02"]
[Round "4"]
[White "Guglielmi, Dante"]
[Black "Orenga, Antonio"]
[Result "1/2-1/2"]
[WhiteElo "1904"]
[BlackElo "1404"]
[PlyCount "75"]
[EventDate "2010.03.31"]

1. c4 e5 2. Nc3 Nc6 3. g3 Nf6 4. Bg2 d6 5. e3 Be7 6. Nge2 O-O 7. O-O Be6 8. Nd5
Bxd5 9. cxd5 Nb8 10. Qb3 Qc8 11. Nc3 Nbd7 12. Qc2 c5 13. dxc6 bxc6 14. d3 Qc7
15. Ne2 Rac8 16. Bd2 d5 17. Rfc1 Qb6 18. Rab1 Rfd8 19. b4 c5 20. bxc5 Qxc5 21.
Qa4 Qa3 22. Qxa3 Bxa3 23. Rxc8 Rxc8 24. Nc3 d4 25. exd4 exd4 26. Nd5 Nxd5 27.
Bxd5 Nb6 28. Bb3 Kf8 29. Re1 Re8 30. Kf1 Rxe1+ 31. Kxe1 Ke7 32. Ke2 f6 33. Kf3
f5 34. Bf4 Nd7 35. Bg5+ Nf6 36. Kf4 h6 37. Bxf6+ Kxf6 38. h4 1/2-1/2

[Event "II Open Praiascacchi"]
[Site "Praia a Mare ITA"]
[Date "2010.04.02"]
[Round "4"]
[White "Limongi, Raffaele"]
[Black "Giacoia, Dario"]
[Result "0-1"]
[WhiteElo "1404"]
[BlackElo "1571"]
[PlyCount "52"]
[EventDate "2010.03.31"]

1. e4 e5 2. Nf3 Nc6 3. Bb5 Nf6 4. O-O d6 5. c3 a6 6. Bxc6+ bxc6 7. Qa4 Bd7 8.
d4 c5 9. Qd1 cxd4 10. cxd4 Bc6 11. d5 Bb5 12. Re1 c6 13. Nc3 Qb6 14. Be3 Qb7
15. a4 Bc4 16. b3 Bxb3 17. dxc6 Qb4 18. Rb1 Qxc3 19. Rxb3 Qxc6 20. Rb6 Qxe4 21.
Qb3 Be7 22. Rc1 O-O 23. Bg5 Nd5 24. Rb7 Bxg5 25. Nxg5 Qf4 26. Qxd5 Qxc1+ 0-1

[Event "II Open Praiascacchi"]
[Site "Praia a Mare ITA"]
[Date "2010.04.02"]
[Round "4"]
[White "Ljubisavljevic, Zivojin Z."]
[Black "Gad, Ahmad"]
[Result "1-0"]
[WhiteElo "2260"]
[BlackElo "1963"]
[PlyCount "73"]
[EventDate "2010.03.31"]

1. d4 f5 2. Nf3 Nf6 3. g3 g6 4. Bg2 Bg7 5. O-O O-O 6. c4 d6 7. Nc3 Qe8 8. d5
Na6 9. Be3 Bd7 10. Qd2 c5 11. Bh6 Nc7 12. Bxg7 Kxg7 13. e4 fxe4 14. Ng5 b5 15.
cxb5 h6 16. Ngxe4 Bxb5 17. Rfe1 Qf7 18. f4 Rae8 19. Nf2 Ba6 20. Nfd1 Nd7 21.
Bh3 Nb6 22. Ne3 Bc8 23. Bxc8 Rxc8 24. Rad1 Rcd8 25. Ne4 Nb5 26. Nc2 Nc7 27. Nc3
Kh7 28. Re4 Rfe8 29. Ne3 Rf8 30. a4 a5 31. Nb5 Nxb5 32. axb5 Ra8 33. Re6 Qg7
34. Rf1 Rf6 35. f5 h5 36. fxg6+ Rxg6 37. Nf5 1-0

[Event "II Open Praiascacchi"]
[Site "Praia a Mare ITA"]
[Date "2010.04.02"]
[Round "4"]
[White "Mercuri, Delia"]
[Black "Di Tomaso, Saverio"]
[Result "1-0"]
[WhiteElo "1520"]
[BlackElo "1464"]
[PlyCount "85"]
[EventDate "2010.03.31"]

1. e4 e5 2. Nf3 Nc6 3. Bb5 d6 4. h3 Bd7 5. c3 a6 6. Ba4 Nf6 7. Bc2 Qe7 8. O-O
O-O-O 9. Re1 g6 10. d4 exd4 11. Nxd4 Re8 12. f3 Bg7 13. Nxc6 Bxc6 14. Qd4 Qe5
15. Qa7 Qc5+ 16. Qxc5 dxc5 17. Be3 b6 18. Nd2 Nd7 19. Bb3 Rhf8 20. Rad1 f5 21.
Bd5 Nb8 22. Re2 Bxd5 23. exd5 f4 24. Ne4 fxe3 25. Rxe3 Be5 26. Rde1 Nd7 27. c4
Bd4 28. Kf1 Bxe3 29. Rxe3 Nf6 30. Ke2 Nxe4 31. fxe4 Rf7 32. e5 b5 33. b3 Rfe7
34. e6 c6 35. Kd3 Kc7 36. Ke4 Kd6 37. g4 cxd5+ 38. cxd5 Rc8 39. Rc3 Ree8 40.
Rf3 c4 41. Rf7 c3 42. b4 c2 43. Rd7# 1-0

[Event "II Open Praiascacchi"]
[Site "Praia a Mare ITA"]
[Date "2010.04.02"]
[Round "4"]
[White "Minucci, Veronica"]
[Black "Fiorentino, Vincenzo"]
[Result "0-1"]
[WhiteElo "1374"]
[BlackElo "1575"]
[PlyCount "56"]
[EventDate "2010.03.31"]

1. e4 c5 2. Nc3 d6 3. Nf3 Nc6 4. Bb5 e6 5. d4 cxd4 6. Nxd4 Nge7 7. O-O a6 8.
Nxc6 Nxc6 9. Bxc6+ bxc6 10. f4 Be7 11. Qf3 Qc7 12. f5 e5 13. Qg3 Rg8 14. Bg5
Bxg5 15. Qxg5 Qb6+ 16. Kh1 Qxb2 17. Qd2 Qb8 18. Rab1 Qc7 19. f6 gxf6 20. Rxf6
Be6 21. Qh6 Kd7 22. Qxh7 Raf8 23. Rbf1 Kc8 24. Ne2 Rh8 25. Qg7 Rfg8 26. Rxf7
Rxg7 27. Rxc7+ Rxc7 28. Rd1 Rch7 0-1

[Event "II Open Praiascacchi"]
[Site "Praia a Mare ITA"]
[Date "2010.04.02"]
[Round "4"]
[White "Paragliola, Gennaro"]
[Black "Rametta, Marcello"]
[Result "1/2-1/2"]
[WhiteElo "1600"]
[BlackElo "1785"]
[PlyCount "93"]
[EventDate "2010.03.31"]

1. d4 d5 2. c4 c6 3. cxd5 cxd5 4. Nc3 g6 5. Nf3 Bg7 6. Bf4 a6 7. e3 Nc6 8. Bd3
Nf6 9. O-O O-O 10. Rc1 Bg4 11. h3 Bxf3 12. Qxf3 e6 13. a3 Rc8 14. Na4 Na5 15.
Nc5 Qb6 16. b4 Nc6 17. Rc3 Qa7 18. Rfc1 b5 19. Nb3 Ne7 20. Nc5 Rc6 21. Qe2 Rfc8
22. Be5 Nh5 23. Bxg7 Nxg7 24. e4 Nh5 25. Qg4 Nf6 26. Qh4 Nxe4 27. Bxe4 dxe4 28.
Qxe4 Nd5 29. R3c2 a5 30. bxa5 Qxa5 31. Nb7 Qa6 32. Rxc6 Rxc6 33. Rxc6 Qxc6 34.
Nc5 Qa8 35. Qf3 Qa5 36. Nb7 Qc7 37. Nc5 Qe7 38. Qb3 Qg5 39. Qxb5 Qc1+ 40. Qf1
Qxa3 41. Qd3 Qa1+ 42. Kh2 Qb2 43. Kg3 Qc1 44. Qe4 Qd2 45. Qe5 h5 46. Ne4 Qd3+
47. Kh2 1/2-1/2

[Event "II Open Praiascacchi"]
[Site "Praia a Mare ITA"]
[Date "2010.04.02"]
[Round "4"]
[White "Simone, Leo"]
[Black "Brogneri, Giovanni"]
[Result "1-0"]
[WhiteElo "1921"]
[BlackElo "1661"]
[PlyCount "105"]
[EventDate "2010.03.31"]

1. d4 e6 2. Nf3 b6 3. e4 Bb7 4. Bd3 c5 5. c3 d5 6. e5 c4 7. Bc2 Nc6 8. O-O Be7
9. Re1 Qd7 10. Bf4 h6 11. Bg3 g5 12. Nfd2 h5 13. f3 h4 14. Bf2 Nh6 15. h3 O-O-O
16. a4 a6 17. b4 Na7 18. Na3 Kc7 19. Qe2 a5 20. bxa5 bxa5 21. Reb1 Bxa3 22.
Rxa3 Rb8 23. Ra2 Bc6 24. Rxb8 Rxb8 25. Qe3 Qe7 26. Bxh4 gxh4 27. Qxh6 Rg8 28.
Nf1 Nc8 29. Ne3 Nb6 30. Ng4 Rxg4 31. hxg4 Qe8 32. Qxh4 Bxa4 33. Bxa4 Nxa4 34.
Qe1 Qb5 35. Qc1 Qb3 36. Rc2 Qb5 37. f4 Nb6 38. Rb2 Qc6 39. f5 a4 40. Rb4 Qe8
41. Qb2 Qc6 42. f6 Nd7 43. g5 Nxe5 44. dxe5 d4 45. cxd4 c3 46. Qc2 a3 47. Ra4
Qb6 48. Qxc3+ Kd7 49. Qxa3 Qb1+ 50. Kh2 Qe4 51. Qd6+ Kc8 52. Rc4+ Kb7 53. Qc7+
1-0

[Event "II Open Praiascacchi"]
[Site "Praia a Mare ITA"]
[Date "2010.04.02"]
[Round "4"]
[White "Stoduto, Francesco"]
[Black "Vacchiano, Salvatore"]
[Result "0-1"]
[WhiteElo "1485"]
[BlackElo "1551"]
[PlyCount "104"]
[EventDate "2010.03.31"]

1. d3 Nf6 2. e3 d6 3. Nf3 g6 4. c3 Bg7 5. Be2 O-O 6. O-O c6 7. Nbd2 d5 8. Nb3
Re8 9. Bd2 e5 10. Re1 Nbd7 11. Rc1 a5 12. a3 a4 13. Na1 e4 14. Nd4 exd3 15.
Bxd3 Ne5 16. Be2 c5 17. Nf3 Nxf3+ 18. Bxf3 Qb6 19. Rc2 Bf5 20. Rc1 Qxb2 21. Nc2
Bxc2 22. Rxc2 Qxa3 23. Bc1 Qb3 24. Qe2 Qc4 25. Qd1 Ne4 26. Be2 Nxc3 27. Qd3
Nxe2+ 28. Qxe2 Qxe2 29. Rexe2 a3 30. Ra2 b5 31. Rec2 Rec8 32. Bxa3 c4 33. Kf1
Bf8 34. Bc1 Rxa2 35. Rxa2 b4 36. Rd2 Rd8 37. Ke2 Bg7 38. Kd1 Bc3 39. Ra2 d4 40.
Kc2 d3+ 41. Kd1 b3 42. Ra4 b2 43. Bxb2 Bxb2 44. Rxc4 d2 45. Rc2 Bc1 46. Rc4 f5
47. Rd4 Rxd4 48. exd4 Kf7 49. f3 Ke6 50. Ke2 Kd5 51. g3 Kxd4 52. f4 Ke4 0-1

[Event "II Open Praiascacchi"]
[Site "Praia a Mare ITA"]
[Date "2010.04.02"]
[Round "4"]
[White "Violi, Vincenzo"]
[Black "Tarantino, Gianfranco"]
[Result "1-0"]
[WhiteElo "1599"]
[BlackElo "1613"]
[PlyCount "63"]
[EventDate "2010.03.31"]

1. e4 e5 2. Nf3 Nc6 3. Bc4 Nf6 4. d3 Bc5 5. c3 d5 6. exd5 Nxd5 7. Qb3 Na5 8.
Qb5+ c6 9. Qxc5 b6 10. Qa3 e4 11. Nd4 c5 12. Ne2 O-O 13. O-O Nf6 14. Nd2 exd3
15. Ng3 Nxc4 16. Nxc4 Qd5 17. Ne3 Qc6 18. c4 Bb7 19. Qxd3 Rad8 20. Qc2 Rd4 21.
b3 Ng4 22. Nd5 Rxd5 23. cxd5 Qxd5 24. f3 Qd4+ 25. Kh1 Qxa1 26. fxg4 Re8 27. Qb2
Qxb2 28. Bxb2 Ba6 29. Rd1 h6 30. Kg1 Be2 31. Re1 Bb5 32. Rxe8+ 1-0

[Event "II Open Praiascacchi"]
[Site "Praia a Mare ITA"]
[Date "2010.04.02"]
[Round "5"]
[White "Brogneri, Giovanni"]
[Black "Annuzzi, Giovanni"]
[Result "0-1"]
[WhiteElo "1661"]
[BlackElo "1500"]
[PlyCount "132"]
[EventDate "2010.03.31"]

1. e4 b6 2. d4 Bb7 3. Bd3 e6 4. Nf3 Nf6 5. Qe2 d6 6. c4 Be7 7. Nc3 O-O 8. O-O
Nbd7 9. Bf4 c6 10. h3 Re8 11. Qc2 Nf8 12. Rfe1 Ng6 13. Bh2 a5 14. Rad1 d5 15.
cxd5 cxd5 16. exd5 Nxd5 17. Nxd5 Bxd5 18. Be4 Rc8 19. Qe2 Bxa2 20. Rc1 Bb4 21.
Rxc8 Qxc8 22. Ra1 Bc4 23. Qc2 f5 24. Bd3 Bxd3 25. Qxd3 Ne7 26. Ne5 Bd6 27. Re1
Qb8 28. Qb5 g5 29. f4 Bxe5 30. fxe5 Nd5 31. Qe2 Kg7 32. Qh5 h6 33. Rc1 Re7 34.
Qe2 f4 35. h4 Qf8 36. hxg5 hxg5 37. Rf1 Kg6 38. g3 Rf7 39. gxf4 Nxf4 40. Qe4+
Kh6 41. Bxf4 Rxf4 42. Rxf4 Qxf4 43. Qd3 Qc1+ 44. Kg2 Qxb2+ 45. Kg1 Qc1+ 46. Kg2
Qc6+ 47. Kf2 b5 48. Qh3+ Kg6 49. Qd3+ Kg7 50. Qe3 Qc2+ 51. Kg1 Kg6 52. d5 Qd1+
53. Kf2 Qxd5 54. Qa7 Qd2+ 55. Kg1 Qe1+ 56. Kg2 Qe2+ 57. Kg1 a4 58. Qb8 Qe3+ 59.
Kg2 Kf5 60. Qxb5 Qxe5 61. Qe8 Qe4+ 62. Kh2 Kg4 63. Qh8 Qe2+ 64. Kg1 Qe1+ 65.
Kg2 Qg3+ 66. Kf1 Qh3+ 0-1

[Event "II Open Praiascacchi"]
[Site "Praia a Mare ITA"]
[Date "2010.04.02"]
[Round "5"]
[White "Cardinale, Francesco"]
[Black "Greco, Simone"]
[Result "0-1"]
[WhiteElo "1600"]
[BlackElo "1587"]
[PlyCount "62"]
[EventDate "2010.03.31"]

1. e4 c5 2. c4 e5 3. Nc3 Nc6 4. Nf3 Nf6 5. d3 h6 6. h3 d6 7. Be2 Be7 8. O-O O-O
9. Nd5 Nxd5 10. exd5 Nb8 11. Nd2 f5 12. f4 Bf6 13. fxe5 Bxe5 14. Nb3 Qh4 15.
Qe1 Bg3 16. Qd2 Nd7 17. d4 cxd4 18. Qxd4 f4 19. Bg4 Ne5 20. Bxf4 Bxg4 21. Bxe5
Bxe5 22. Qxg4 Qxg4 23. hxg4 Bxb2 24. Rae1 Rfe8 25. Re6 Rxe6 26. dxe6 Be5 27.
Rf7 b6 28. Nd2 Re8 29. Rxa7 Rxe6 30. Rb7 Rg6 31. Rxb6 Bd4+ 0-1

[Event "II Open Praiascacchi"]
[Site "Praia a Mare ITA"]
[Date "2010.04.02"]
[Round "5"]
[White "Condorelli, Roberto"]
[Black "Paragliola, Gennaro"]
[Result "1-0"]
[WhiteElo "1605"]
[BlackElo "1600"]
[PlyCount "81"]
[EventDate "2010.03.31"]

1. Nf3 Nf6 2. c4 d6 3. d4 g6 4. Nc3 Bg7 5. e4 O-O 6. Be2 Nbd7 7. O-O e5 8. Be3
Ng4 9. Bg5 f6 10. Bd2 exd4 11. Nxd4 Nge5 12. Ne6 Qe7 13. Nxf8 Kxf8 14. Nd5 Qd8
15. Qc2 Nc5 16. b4 Ne6 17. Be3 Nc6 18. Rab1 Ned4 19. Qd2 Nxe2+ 20. Qxe2 f5 21.
f3 Nd4 22. Qd2 c5 23. Rbe1 Kg8 24. Bg5 Qd7 25. Nf6+ Bxf6 26. Bxf6 Qe6 27. Bxd4
cxd4 28. Qxd4 b6 29. Qd5 Qxd5 30. cxd5 Ba6 31. Rf2 Bd3 32. Rd2 fxe4 33. fxe4
Bb5 34. Kf2 Rc8 35. e5 dxe5 36. Rxe5 Rc4 37. a3 Rc3 38. Re3 Rc1 39. Kg3 Kf7 40.
d6 Bd7 41. Re7+ 1-0

[Event "II Open Praiascacchi"]
[Site "Praia a Mare ITA"]
[Date "2010.04.02"]
[Round "5"]
[White "Di Salvio, Giuseppe"]
[Black "Dagnino, Marcello"]
[Result "1-0"]
[WhiteElo "1599"]
[BlackElo "1555"]
[PlyCount "119"]
[EventDate "2010.03.31"]

1. e4 c5 2. Nf3 Nc6 3. d4 cxd4 4. Nxd4 e5 5. Nf3 h6 6. Nc3 Nf6 7. Bb5 Qc7 8.
O-O a6 9. Ba4 b5 10. Bb3 Bb7 11. a3 Bc5 12. Nd5 Nxd5 13. exd5 Nd4 14. Nxd4 Bxd4
15. c3 Bc5 16. Be3 d6 17. Qg4 g5 18. Rad1 Bc8 19. Qe2 Qb6 20. Bxc5 Qxc5 21. Ba2
Bf5 22. Qf3 Qc8 23. Rfe1 Ra7 24. Rd2 O-O 25. Qe3 Rb7 26. h3 Bg6 27. g4 Kg7 28.
Bb1 f5 29. gxf5 Bxf5 30. Bxf5 Qxf5 31. Rd3 Rf6 32. Re2 Rg6 33. Qf3 Rf7 34. Qxf5
Rxf5 35. Kg2 h5 36. Rf3 Rgf6 37. Rxf5 Rxf5 38. f3 Rf4 39. b4 Kg6 40. Rd2 Kf5
41. a4 Rc4 42. axb5 axb5 43. Rd3 Kf4 44. Kf2 h4 45. Kg2 e4 46. fxe4 Kxe4 47.
Rf3 Kxd5 48. Rf5+ Kc6 49. Rxg5 Rxc3 50. Rg4 Rc4 51. Kf3 Rc3+ 52. Kg2 Rg3+ 53.
Rxg3 hxg3 54. h4 Kd7 55. Kxg3 Ke7 56. Kf4 Kf6 57. h5 d5 58. h6 d4 59. Ke4 d3
60. Kxd3 1-0

[Event "II Open Praiascacchi"]
[Site "Praia a Mare ITA"]
[Date "2010.04.02"]
[Round "5"]
[White "Di Tomaso, Saverio"]
[Black "Minucci, Veronica"]
[Result "0-1"]
[WhiteElo "1464"]
[BlackElo "1374"]
[PlyCount "56"]
[EventDate "2010.03.31"]

1. e4 e5 2. Nf3 Nc6 3. Bc4 Nf6 4. Nc3 Be7 5. Bb5 d6 6. d3 O-O 7. Bxc6 bxc6 8.
Be3 Bg4 9. Nb1 Bxf3 10. Qxf3 d5 11. Nd2 d4 12. Bg5 Rb8 13. Bxf6 Bxf6 14. b3 Qe7
15. Nc4 Qb4+ 16. Nd2 Bg5 17. Qe2 Qc3 18. Qd1 f5 19. f3 Bxd2+ 20. Ke2 Bg5 21. a4
fxe4 22. fxe4 Be3 23. Rf1 Rxf1 24. Qxf1 Qd2+ 25. Kf3 Rf8+ 26. Kg3 Rxf1 27. Rxf1
Bf4+ 28. Kg4 Qxg2+ 0-1

[Event "II Open Praiascacchi"]
[Site "Praia a Mare ITA"]
[Date "2010.04.02"]
[Round "5"]
[White "Di Tomaso, Stefano"]
[Black "Stoduto, Francesco"]
[Result "0-1"]
[WhiteElo "1389"]
[BlackElo "1485"]
[PlyCount "96"]
[EventDate "2010.03.31"]

1. e4 e5 2. Nf3 d6 3. d4 Nc6 4. d5 Nce7 5. Nc3 c6 6. Bd3 Nf6 7. Bc4 b5 8. Bb3
b4 9. Nb1 Nxe4 10. dxc6 Nxc6 11. Bd5 Bf5 12. Bxc6+ Ke7 13. Bxa8 Qxa8 14. c3 Qb7
15. cxb4 Qxb4+ 16. Nbd2 Nf6 17. a3 Qc5 18. Nb3 Qc6 19. O-O h6 20. h3 Qc7 21.
Be3 Be6 22. Nc1 g5 23. b4 Ne4 24. Nd2 Nc3 25. Qe1 f5 26. Nb1 Nd5 27. Ne2 f4 28.
Bd2 Bg7 29. Nbc3 Nb6 30. Rc1 Qb7 31. Nb5 Nc4 32. Nbc3 f3 33. gxf3 Qxf3 34. Ng3
Nxd2 35. Qxd2 Bxh3 36. Nd5+ Kd8 37. Rc8+ Bxc8 38. Qc2 Qxd5 39. Rd1 Qe6 40. Nf5
Qxf5 41. Rxd6+ Ke7 42. Qc7+ Bd7 43. Qxa7 Rd8 44. Rxd7+ Rxd7 45. Qc5+ Ke8 46.
Qc8+ Kf7 47. Qc4+ Qe6 48. Qxe6+ Kxe6 0-1